Countries and Capitals Containing MAN/MEN - Statistics

General Stats
  • This quiz has been taken 111 times
    82 since last reset
  • The average score is 8 of 12
Answer Stats
Hint Answer % Correct
Yemen
95%
Oman
93%
Managua
80%
Manama
77%
Romania
77%
Turkmenistan
74%
"MEN" Countries Armenia
67%
"MAN" Capitals Amman
62%
Manila
61%
"MAN" Countries Germany
52%
Kathmandu
46%
"MEN" Capitals N'Djamena
36%
No matching quizzes found
Score Distribution
Percent of People with Each Score
Percentile by Number Answered
Your Score History
You have not taken this quiz since the last reset